[Event "It \"]
[Site "masterchessopen.com Beverwijk (Netherlands)"]
[Round "0"]
[White "Parma Bruno (SLO)"]
[Black "Eising Johannes (GER)"]
[Result "1-0"]
[WhiteElo "2480"]
[BlackElo "2283"]

1.e4 c5 2.Nf3 e6 3.d4 cxd4 4.Nxd4 Nf6 5.Nc3 d6 6.f4 a6 7.Bd3 Be7 8.O-O Nc6
9.Nf3 O-O 10.Kh1 b5 11.e5 dxe5 12.fxe5 Nd7 13.Qe1 Qc7 14.Qe4 g6 15.Bh6 Re8
16.Rae1 b4 17.Na4 Bb7 18.Qf4 f6 19.Qc4 Kh8 20.exf6 Bxf6 21.Rxe6 Bg7 22.Bxg7+
Kxg7 23.Ng5 Nde5 24.Rxe5 Qxe5 25.Rf7+ Kh6 26.Qh4# 1-0

[Event "It (a)"]
[Site "masterchessopen.com Beverwijk (Netherlands)"]
[Round "9"]
[White "Parma Bruno (SLO)"]
[Black "Van Den Berg Carel B (NED)"]
[Result "1-0"]
[WhiteElo "2480"]
[BlackElo "2410"]

1.e4 c5 2.Nf3 d6 3.d4 cxd4 4.Nxd4 Nf6 5.Nc3 e6 6.f4 Be7 7.Bd3 O-O 8.O-O a6
9.Kh1 Qc7 10.Qe2 Nc6 11.Nxc6 bxc6 12.e5 Nd5 13.exd6 Bxd6 14.Bd2 a5 15.Ne4 Nxf4
16.Rxf4 Bxf4 17.Nf6+ gxf6 18.Qg4+ Bg5 19.Bxg5 fxg5 20.Qxg5+ Kh8 21.Qh6 {#r}
1-0

[Event "Olympiad"]
[Site "masterchessopen.com Habana (Cuba)"]
[Round "0"]
[White "Garcia Martinez Silvino (CUB)"]
[Black "Bolbochan Julio (ARG)"]
[Result "0-1"]
[WhiteElo "2319"]
[BlackElo "2440"]

1.e4 c5 2.Nf3 d6 3.d4 cxd4 4.Nxd4 Nf6 5.Nc3 e6 6.f4 Nc6 7.Be3 Be7 8.Qf3 e5
9.Nxc6 bxc6 10.fxe5 dxe5 11.Bc4 O-O 12.h3 Ne8 13.Rd1 Qa5 14.O-O Nd6 15.Bb3 Ba6
16.Rxd6 Bxd6 17.Bxf7+ Kh8 18.Qh5 Bc5 19.Rf3 Bxe3+ 20.Rxe3 Qc5 21.Nd1 Rad8 {#R}
0-1

[Event "It \"]
[Site "masterchessopen.com Amsterdam (Netherlands)"]
[Round "6"]
[White "Janosevic Dragoljub (YUG)"]
[Black "Spassky Boris V (FRA)"]
[Result "0-1"]
[WhiteElo "2330"]
[BlackElo "2548"]

1.e4 c5 2.Nf3 d6 3.d4 cxd4 4.Nxd4 Nf6 5.Nc3 e6 6.f4 Nc6 7.Nxc6 bxc6 8.Bd3 Be7
9.O-O O-O 10.Qe2 d5 11.e5 Nd7 12.f5 exf5 13.Bxf5 Nc5 14.Qg4 Bxf5 15.Rxf5 Rb8
16.a3 Qc8 17.Bh6 Ne6 18.Raf1 Rxb2 19.R5f3 Qc7 20.Kh1 Rxc2 21.Nd1 Rc4 22.Qg3
Bh4 23.Qh3 gxh6 24.Ne3 Ng5 25.Qf5 Nxf3 26.Nxc4 dxc4 {#R} 0-1

[Event "It"]
[Site "masterchessopen.com Bad Pyrmont (Germany)"]
[Round "0"]
[White "Dueball Juergen (GER)"]
[Black "Ree Hans (NED)"]
[Result "1-0"]
[WhiteElo "2324"]
[BlackElo "2379"]

1.e4 c5 2.Nc3 d6 3.Nf3 e6 4.d4 cxd4 5.Nxd4 Nf6 6.f4 Be7 7.Be3 a6 8.Qf3 Qc7
9.O-O-O b5 10.e5 Bb7 11.Bxb5+ axb5 12.Ndxb5 Qc8 13.Qg3 dxe5 14.fxe5 Nh5 15.Qh3
g6 16.Bh6 Nc6 17.Rhe1 Nb4 18.a3 Nd5 19.Nd6+ Bxd6 20.exd6 Rxa3 21.d7+ Qxd7
22.bxa3 f5 23.Nxd5 Bxd5 24.Qc3 Rg8 25.g4 fxg4 26.Qe5 {#r} 1-0

[Event "Ch Argentina"]
[Site "masterchessopen.com Caseros (Argentina)"]
[Round "0"]
[White "Szmetan Jorge (ARG)"]
[Black "Garcia Palermo Carlos (ITA)"]
[Result "1-0"]
[WhiteElo "2405"]
[BlackElo "2488"]

1.e4 c5 2.Nf3 d6 3.d4 cxd4 4.Nxd4 Nf6 5.Nc3 e6 6.f4 Nc6 7.Be3 Bd7 8.Qf3 Nxd4
9.Bxd4 Bc6 10.Bd3 Qa5 11.O-O Qb4 12.Ne2 d5 13.e5 Ne4 14.a3 Qa4 15.Qe3 Be7
16.b4 b5 17.f5 exf5 18.Rxf5 O-O 19.Rh5 g6 20.Qh6 gxh5 21.Bxe4 dxe4 22.e6 f6
23.Ng3 Rf7 24.exf7+ Kxf7 25.Bxf6 Bxf6 26.Rf1 {#r} 1-0

[Event "?"]
[Site "masterchessopen.com Yugoslavia"]
[Round "0"]
[White "Novoselski Zoran (SRB)"]
[Black "Cvetkovic Srdjan (SRB)"]
[Result "0-1"]
[WhiteElo "2384"]
[BlackElo "2406"]

1.e4 c5 2.Nf3 e6 3.d4 cxd4 4.Nxd4 Nf6 5.Nc3 d6 6.f4 Nc6 7.Be3 Be7 8.Qf3 e5
9.Nxc6 bxc6 10.f5 Qa5 11.Bc4 Bb7 12.O-O-O O-O 13.g4 d5 14.exd5 cxd5 15.Nxd5
Bxd5 16.Bxd5 e4 17.Bxe4 Rab8 18.Bd4 Qxa2 19.Rd3 Nxe4 20.Qxe4 Bg5+ 21.Kd1 Rbe8
{#R} 0-1

[Event "Ch Czechoslovakia"]
[Site "masterchessopen.com Marianske Lazne (Czech Republic)"]
[Round "13"]
[White "Plachetka Jan (SVK)"]
[Black "Jankovec Ivan (CZE)"]
[Result "1-0"]
[WhiteElo "2388"]
[BlackElo "2180"]

1.e4 c5 2.Nf3 e6 3.d4 cxd4 4.Nxd4 Nf6 5.Nc3 d6 6.f4 Nc6 7.Nf3 a6 8.Bd3 Qc7
9.O-O Be7 10.Qe1 Nd7 11.Qg3 Bf6 12.e5 dxe5 13.Ne4 g6 14.fxe5 Bxe5 15.Nxe5
Ncxe5 16.Bh6 f5 17.Ng5 Nf6 18.Rae1 Nfg4 19.Kh1 Nxh6 20.Rxe5 Qb8 21.Nxe6 Bxe6
22.Rxe6+ Kd7 23.Qe3 Ng4 24.Qd4+ Kxe6 25.Bc4+ {#r} 1-0

[Event "Ch Belarus"]
[Site "masterchessopen.com Minsk (Belarus)"]
[Round "0"]
[White "Maryasin Boris (ISR)"]
[Black "Litvinov Vladimir (BLR)"]
[Result "1-0"]
[WhiteElo "2318"]
[BlackElo "2236"]

1.e4 c5 2.Nf3 e6 3.d4 cxd4 4.Nxd4 Nf6 5.Nc3 d6 6.f4 Nc6 7.Be3 Be7 8.Qf3 e5
9.Nxc6 bxc6 10.f5 Qa5 11.Bc4 Rb8 12.Bb3 O-O 13.O-O-O Bb7 14.g4 d5 15.g5 d4
16.gxf6 Bxf6 17.Qh5 dxe3 18.Rd6 Ba8 19.Rxf6 Rxb3 20.Rh6 Qd8 21.Rxh7 Qd2+
22.Kb1 Rxb2+ 23.Ka1 g6 24.Qh6 {#r} 1-0

[Event "?"]
[Site "masterchessopen.com Habana (Cuba)"]
[Round "0"]
[White "Zapata Alonso (COL)"]
[Black "Rodriguez Adolfo I (ARG)"]
[Result "1-0"]
[WhiteElo "2483"]
[BlackElo "2235"]

1.e4 c5 2.Nf3 d6 3.d4 cxd4 4.Nxd4 Nf6 5.Nc3 e6 6.f4 a6 7.Bd3 Qb6 8.Nb3 Qc7
9.a4 b6 10.O-O Be7 11.e5 dxe5 12.fxe5 Nfd7 13.Bf4 Nc6 14.Qg4 g6 15.Rae1 Ncxe5
16.Qg3 f6 17.Ne4 O-O 18.Nd4 Bc5 19.c3 Qd8 20.Nxc5 Nxc5 21.Bxe5 fxe5 22.Bxg6
hxg6 23.Qxg6+ Kh8 24.Rxf8+ {#r} 1-0

[Event "Olympiad"]
[Site "masterchessopen.com Malta"]
[Round "0"]
[White "Erenska-Barlo Hanna (POL)"]
[Black "Markovic Gordana (SRB)"]
[Result "1-0"]
[WhiteElo "2241"]
[BlackElo "2257"]

1.e4 c5 2.Nf3 d6 3.d4 cxd4 4.Nxd4 Nf6 5.Nc3 e6 6.f4 Be7 7.Qf3 O-O 8.Bd3 Nc6
9.Be3 e5 10.Nxc6 bxc6 11.f5 d5 12.Bd2 Rb8 13.Rb1 Bb7 14.O-O dxe4 15.Nxe4 c5
16.Bc3 Kh8 17.b3 Qc7 18.Rbe1 Nd5 19.f6 Nxf6 20.Qg3 Nxe4 21.Rxe4 Bd6 22.Bxe5
Bxe5 23.Qxe5 Qb6 24.Rg4 {#r} 1-0

[Event "Olympiad"]
[Site "masterchessopen.com Malta"]
[Round "0"]
[White "Schneider Raymond (LUX)"]
[Black "Georgiev Krum (BUL)"]
[Result "1-0"]
[WhiteElo "2285"]
[BlackElo "2455"]

1.e4 c5 2.Nf3 d6 3.d4 cxd4 4.Nxd4 Nf6 5.Nc3 e6 6.f4 a6 7.Bd3 Nc6 8.Nf3 Be7
9.O-O Nd7 10.Kh1 b5 11.Qe1 Bb7 12.Qg3 O-O 13.e5 Nb4 14.f5 Nxe5 15.Nxe5 dxe5
16.Bh6 {#r} 1-0

[Event "Ch Eindhoven Club"]
[Site "masterchessopen.com Eindhoven (Netherlands)"]
[Round "0"]
[White "Van Mil Johannes A J (NED)"]
[Black "Marcus Joost (NED)"]
[Result "1-0"]
[WhiteElo "2337"]
[BlackElo "2270"]

1.e4 c5 2.Nf3 e6 3.d4 cxd4 4.Nxd4 Nf6 5.Nc3 d6 6.f4 a6 7.a4 Be7 8.Bd3 O-O
9.O-O b6 10.g4 Nfd7 11.g5 Nc5 12.Qh5 Bd7 13.f5 Nxd3 14.cxd3 d5 15.Rf3 Bc5
16.Be3 e5 17.Rh3 h6 18.Nxd5 Bxd4 19.Bxd4 Bxf5 20.Nf6+ gxf6 21.Qxh6 Bxh3
22.gxf6 Qxf6 23.Qxf6 exd4 24.Kf2 Kh7 25.Qh4+ {#r} 1-0

[Event "Bundesliga 1980/81"]
[Site "masterchessopen.com Germany"]
[Round "0"]
[White "Zieher Hartmut (GER)"]
[Black "Wolf Volker (GER)"]
[Result "1-0"]
[WhiteElo "2239"]
[BlackElo "2325"]

1.e4 c5 2.Nf3 e6 3.d4 cxd4 4.Nxd4 Nf6 5.Nc3 d6 6.f4 Nc6 7.Nb3 a6 8.Qf3 Qc7
9.Be3 Be7 10.g4 b6 11.O-O-O Bb7 12.g5 Nd7 13.h4 Nc5 14.Qf2 Nb4 15.Nxc5 bxc5
16.f5 d5 17.f6 gxf6 18.gxf6 Bd6 19.exd5 exd5 20.Bh3 Bg3 21.Qf5 d4 22.Rhg1 Rd8
23.Rxg3 Qxg3 24.Bf4 Nd5 25.Qe5+ Kf8 26.Bh6+ {#r} 1-0

[Event "Ch BRD"]
[Site "masterchessopen.com Bad Neuenahr (Germany)"]
[Round "1"]
[White "Lau Ralf (GER)"]
[Black "Schuh Hubert (GER)"]
[Result "1-0"]
[WhiteElo "2437"]
[BlackElo "2292"]

1.e4 c5 2.Nf3 d6 3.d4 cxd4 4.Nxd4 Nf6 5.Nc3 e6 6.f4 Be7 7.Bb5+ Nfd7 8.f5 e5
9.Ne6 fxe6 10.Qh5+ Kf8 11.fxe6 Qe8 12.O-O+ Bf6 13.exd7 Nxd7 14.Rxf6+ Nxf6
15.Bxe8 Nxh5 16.Bxh5 Be6 17.Bg5 g6 18.Be2 h6 19.Be3 a6 20.Rd1 Ke7 21.Nd5+ Bxd5
22.Rxd5 b5 23.c4 bxc4 24.a4 {#r} 1-0

[Event "Ch Eindhoven Club"]
[Site "masterchessopen.com Eindhoven (Netherlands)"]
[Round "0"]
[White "Kuijf Hans (NED)"]
[Black "Van Der Vliet Fred (NED)"]
[Result "1-0"]
[WhiteElo "2310"]
[BlackElo "2390"]

1.e4 c5 2.Ne2 e6 3.d4 cxd4 4.Nxd4 Nf6 5.Nc3 d6 6.f4 a6 7.Qf3 Nbd7 8.Bd3 e5
9.Nf5 b5 10.g4 g6 11.Ng3 h5 12.g5 exf4 13.e5 fxg3 14.exf6 Rb8 15.Bf4 Ne5
16.Bxe5 dxe5 17.O-O-O Bd6 18.hxg3 Qb6 19.Bxg6 Bg4 20.Qd5 O-O 21.Bxf7+ {#r} 1-0

[Event "Ch Netherlands (1/2 final) A"]
[Site "masterchessopen.com Eindhoven (Netherlands)"]
[Round "3"]
[White "Van Mil Johannes A J (NED)"]
[Black "Van Der Heijden Anton (NED)"]
[Result "1-0"]
[WhiteElo "2315"]
[BlackElo "2314"]

1.e4 c5 2.Nf3 d6 3.d4 cxd4 4.Nxd4 Nf6 5.Nc3 e6 6.f4 Be7 7.Bd3 Nc6 8.Nf3 Qb6
9.Qe2 O-O 10.Bd2 Nb4 11.Be3 Nxc2+ 12.Bxc2 Qxb2 13.Kd2 d5 14.Rhb1 Qa3 15.Rb3
Qa5 16.Qb5 Qc7 17.e5 Nd7 18.Rc1 a6 19.Qd3 g6 20.Bb1 Qa5 21.Kd1 Rd8 22.Ne2 d4
23.Bd2 Qd5 24.Qxd4 Nc5 25.Qxd5 {#r} 1-0

[Event "It (open) \"]
[Site "masterchessopen.com London (England)"]
[Date "1983.08.25"]
[Round "2"]
[White "Wiemer Ralf (GER)"]
[Black "Murey Jacob (ISR)"]
[Result "0-1"]
[WhiteElo "2305"]
[BlackElo "2485"]

1.e4 c5 2.Nf3 d6 3.d4 cxd4 4.Nxd4 Nf6 5.Nc3 e6 6.f4 Nc6 7.Be3 e5 8.Nde2 Be7
9.Qd2 O-O 10.O-O-O Qa5 11.Kb1 Be6 12.f5 Nxe4 13.Qd3 Nxc3+ 14.Nxc3 Nb4 15.Qe4
Bxa2+ 16.Kc1 Rfc8 17.Qxb7 Bb3 {#R} 0-1

[Event "Tournament"]
[Site "masterchessopen.com Athens (Greece)"]
[Round "0"]
[White "Stoica Valentin (ROM)"]
[Black "Kofidis Andreas (GRE)"]
[Result "1-0"]
[WhiteElo "2457"]
[BlackElo "2403"]

1.e4 c5 2.Nf3 d6 3.d4 cxd4 4.Nxd4 Nf6 5.Nc3 e6 6.f4 Nc6 7.Be3 Be7 8.Qf3 Qc7
9.O-O-O a6 10.g4 Nxd4 11.Bxd4 e5 12.fxe5 dxe5 13.Qg3 Bd6 14.Be3 Be6 15.Bb5+
Kf8 16.g5 Nh5 17.Qf2 Rc8 18.Ba4 g6 19.Nd5 Bxd5 20.Rxd5 Nf4 21.Bxf4 {#r} 1-0

[Event "Ch URS (qual)"]
[Site "masterchessopen.com Borzhomi (Georgia)"]
[Round "0"]
[White "Ivanov Alexander (USA)"]
[Black "Salov Valery (RUS)"]
[Result "0-1"]
[WhiteElo "2523"]
[BlackElo "2440"]

1.e4 c5 2.Nf3 d6 3.d4 cxd4 4.Nxd4 Nf6 5.Nc3 e6 6.f4 a6 7.Qf3 Qb6 8.Nb3 Qc7
9.g4 b5 10.g5 b4 11.Nb5 axb5 12.gxf6 Nd7 13.Bxb5 Ba6 14.fxg7 Bxg7 15.Bd3 Rg8
16.Qe2 Bb7 17.Rf1 Bf6 18.f5 exf5 19.Rxf5 Rg6 20.Rf1 Kf8 21.a3 Ne5 22.Kd1 Bc8
23.Qf2 Bh3 24.axb4 Rxa1 25.Nxa1 Nxd3 26.cxd3 Bg4+ {#R} 0-1

[Event "It (open)"]
[Site "masterchessopen.com Caorle (Italy)"]
[Round "6"]
[White "Barlov Dragan (SRB)"]
[Black "Martinovic Slobodan (SRB)"]
[Result "1-0"]
[WhiteElo "2480"]
[BlackElo "2415"]

1.e4 c5 2.Nf3 d6 3.d4 cxd4 4.Nxd4 Nf6 5.Nc3 e6 6.f4 Be7 7.Qf3 O-O 8.Be3 e5
9.Nf5 Bxf5 10.exf5 Qa5 11.g4 e4 12.Qh3 Nd5 13.g5 Nxc3 14.Bd2 d5 15.f6 d4
16.fxg7 Re8 17.Bc4 Qb6 18.bxc3 e3 19.Bd3 exd2+ 20.Kd1 h6 21.gxh6 Bf6 22.Qg3
{#r} 1-0

[Event "Ch Netherlands (open)"]
[Site "masterchessopen.com Dieren (Netherlands)"]
[Round "5"]
[White "Knoppert Erik G J (NED)"]
[Black "Bottema Tom (NED)"]
[Result "1-0"]
[WhiteElo "2336"]
[BlackElo "2231"]

1.e4 c5 2.Nf3 e6 3.d4 cxd4 4.Nxd4 Nf6 5.Nc3 d6 6.f4 Nc6 7.Nf3 Be7 8.Bd3 a6
9.a4 b6 10.O-O Bb7 11.Kh1 O-O 12.Qe1 Nb4 13.Be3 d5 14.e5 Ne4 15.Bd4 Nxd3
16.cxd3 Nxc3 17.bxc3 b5 18.g4 bxa4 19.f5 Bc8 20.Ng1 exf5 21.gxf5 Re8 22.Rxa4
Bxf5 23.Rxf5 Qd7 24.e6 fxe6 25.Rf4 Qxa4 26.Qxe6+ {#r} 1-0

[Event "Ch Leningrad"]
[Site "masterchessopen.com Leningrad (Russia)"]
[Round "0"]
[White "Yudasin Leonid (ISR)"]
[Black "Lukin Andrei M (RUS)"]
[Result "1-0"]
[WhiteElo "2480"]
[BlackElo "2470"]

1.e4 c5 2.Nf3 d6 3.d4 cxd4 4.Nxd4 Nf6 5.Nc3 e6 6.f4 Nc6 7.Be3 Be7 8.Qf3 Qc7
9.O-O-O O-O 10.Rg1 Nxd4 11.Bxd4 e5 12.fxe5 dxe5 13.Qg3 Ng4 14.Nd5 Qd6 15.Bc3
Bg5+ 16.Kb1 Bf4 17.Qh4 Qc5 18.Bd3 Qf2 19.g3 Nxh2 20.Nf6+ {#r} 1-0

[Event "Ch Canada"]
[Site "masterchessopen.com Ottawa (Canada)"]
[Round "0"]
[White "Hartman Brian (CAN)"]
[Black "Nickoloff Bryon (CAN)"]
[Result "1-0"]
[WhiteElo "2230"]
[BlackElo "2420"]

1.e4 c5 2.Nf3 e6 3.d4 cxd4 4.Nxd4 Nf6 5.Nc3 d6 6.f4 Nc6 7.Be3 Be7 8.Qf3 O-O
9.O-O-O Bd7 10.Rg1 Nxd4 11.Bxd4 Bc6 12.g4 d5 13.g5 Nxe4 14.Bxg7 Kxg7 15.Nxe4
Qb6 16.Nf2 Bc5 17.Qc3+ f6 18.gxf6+ Kh8 19.Qe5 Rf7 20.Rg7 Raf8 21.Ng4 Be8
22.Qh5 {#r} 1-0

[Event "Ch World (juniors) (under 20)"]
[Site "masterchessopen.com Kiljava (Finland)"]
[Date "1984.08.05"]
[Round "3"]
[White "Anand Viswanathan (IND)"]
[Black "Souza Ivan (BRA)"]
[Result "1-0"]
[WhiteElo "2817"]
[BlackElo "2324"]

1.e4 c5 2.Nf3 e6 3.d4 cxd4 4.Nxd4 Nf6 5.Nc3 d6 6.f4 Nc6 7.Be3 Be7 8.Qf3 Nxd4
9.Bxd4 Bd7 10.O-O-O Qa5 11.e5 Bc6 12.Bb5 Nd5 13.Nxd5 exd5 14.Bxc6+ bxc6
15.exd6 Bxd6 16.Rhe1+ Kf8 17.Qg4 Rg8 18.Qd7 Qd8 19.Re8+ Qxe8 20.Qxd6+ Qe7
21.Qxc6 {#r} 1-0

[Event "It"]
[Site "masterchessopen.com Lewisham (England)"]
[Round "3"]
[White "Ady Jonathan J (HKG)"]
[Black "Savereide Diane (USA)"]
[Result "1-0"]
[WhiteElo "2358"]
[BlackElo "2250"]

1.e4 c5 2.Nf3 e6 3.d4 cxd4 4.Nxd4 Nf6 5.Nc3 d6 6.f4 Nc6 7.Be3 Be7 8.Qf3 a6
9.O-O-O Qc7 10.g4 Nxd4 11.Bxd4 e5 12.fxe5 dxe5 13.Qg3 Bd6 14.Be3 Bxg4 15.h3
Bxd1 16.Qxg7 O-O-O 17.Qxf6 Qa5 18.Bd3 Bh5 19.Qf5+ Rd7 20.Qxh5 Bb4 21.Nd5 Qxa2
22.Nxb4 Qa1+ 23.Kd2 Qxh1 24.Qxe5 Rhd8 25.Bf4 Rd6 26.Qc5+ {#r} 1-0

[Event "It (b)"]
[Site "masterchessopen.com Reggio Emilia (Italy)"]
[Date "1984.12.27"]
[Round "1"]
[White "Wagman Stuart (USA)"]
[Black "Cramling Dan (SWE)"]
[Result "1-0"]
[WhiteElo "2125"]
[BlackElo "2380"]

1.e4 c5 2.Nf3 e6 3.d4 cxd4 4.Nxd4 Nf6 5.Nc3 d6 6.f4 Nc6 7.Be3 e5 8.Nxc6 bxc6
9.Be2 Be7 10.O-O O-O 11.Qe1 exf4 12.Bxf4 Nd7 13.Rd1 Qb6+ 14.Kh1 Ne5 15.Na4 Qc7
16.c4 Be6 17.c5 d5 18.exd5 cxd5 19.Nc3 Bxc5 20.Nb5 Qb6 21.Bxe5 Bd7 22.Nc7 Rad8
23.Nxd5 Qg6 24.Qg3 Rfe8 25.Bh5 {#r} 1-0

[Event "Ch URS (qual)"]
[Site "masterchessopen.com Aktjubinsk (Kazakhstan)"]
[Round "0"]
[White "Sideif-Sade Fikret I (AZE)"]
[Black "Gofshtein Zvulon (ISR)"]
[Result "1-0"]
[WhiteElo "2340"]
[BlackElo "2395"]

1.e4 c5 2.Nf3 d6 3.d4 cxd4 4.Nxd4 Nf6 5.Nc3 e6 6.f4 a6 7.Qf3 Qb6 8.Nb3 Qc7
9.g4 b5 10.g5 Nfd7 11.Be3 b4 12.Ne2 Bb7 13.O-O-O Nc6 14.Ned4 Nc5 15.Nxc5 Nxd4
16.Bxd4 dxc5 17.Be5 Qc6 18.Bc4 Qxe4 19.Qb3 Qf3 20.Bxe6 Qxb3 21.Bxb3 Bxh1
22.Ba4+ Ke7 23.f5 Rd8 24.Re1 Bd5 25.Bxg7+ {#r} 1-0

[Event "It (open)"]
[Site "masterchessopen.com Balatonbereny (Hungary)"]
[Round "5"]
[White "Rivello Roberto (ITA)"]
[Black "Hellmayr Alois (AUT)"]
[Result "0-1"]
[WhiteElo "2259"]
[BlackElo "2195"]

1.e4 c5 2.Nf3 e6 3.d4 cxd4 4.Nxd4 Nf6 5.Nc3 d6 6.f4 a6 7.Bd3 b5 8.e5 dxe5
9.fxe5 Nd5 10.Qg4 h5 11.Qg3 Nb4 12.Be3 Nxd3+ 13.cxd3 Bb7 14.O-O Bc5 15.Qxg7
Rf8 16.Rf4 Nc6 17.Nce2 Qd5 18.Kf1 Qxe5 19.Nxe6 Qxe3 20.Nxf8 O-O-O 21.Rxf7 Ne5
22.Rf5 Bf3 23.Rxf3 Nxf3 24.Qg3 Nxh2+ {#R} 0-1

[Event "It (open)"]
[Site "masterchessopen.com Prague (Czech Republic)"]
[Round "0"]
[White "Gross Stefan (CZE)"]
[Black "Espig Lutz (GER)"]
[Result "0-1"]
[WhiteElo "2415"]
[BlackElo "2420"]

1.e4 c5 2.Nf3 e6 3.d4 cxd4 4.Nxd4 Nf6 5.Nc3 d6 6.f4 a6 7.Qf3 Qc7 8.g4 Nc6
9.Be3 Nxd4 10.Bxd4 e5 11.fxe5 dxe5 12.Qg3 Bd6 13.Bg1 Bb4 14.Bg2 Bxg4 15.Bd4
O-O-O 16.Bxe5 Qc4 17.Bf3 Bxf3 18.Qxf3 Rhe8 {#R} 0-1

[Event "It (open)"]
[Site "masterchessopen.com Bad Urach (Germany)"]
[Round "0"]
[White "Melcher Wolfgang (GER)"]
[Black "Hoffmann Hans (GER)"]
[Result "0-1"]
[WhiteElo "2251"]
[BlackElo "2120"]

1.e4 c5 2.Nf3 e6 3.d4 cxd4 4.Nxd4 Nf6 5.Nc3 d6 6.f4 a6 7.Be3 Qc7 8.Qf3 Nbd7
9.g4 b5 10.g5 b4 11.Ncb5 axb5 12.gxf6 gxf6 13.Bxb5 h5 14.f5 e5 15.Ne2 Bb7
16.c4 Ke7 17.h4 Bh6 18.Bxh6 Rxh6 19.Ng3 Nc5 20.Rh2 Rhh8 21.a4 Rhg8 22.O-O-O
Nxa4 23.Rhd2 Nc5 24.Re2 Ra1+ 25.Kd2 Qa5 {#R} 0-1

[Event "It (open)"]
[Site "masterchessopen.com Mar del Plata (Argentina)"]
[Round "5"]
[White "Vasta Eduardo (ARG)"]
[Black "Pacheco Daniel (ARG)"]
[Result "1-0"]
[WhiteElo "2325"]
[BlackElo "2313"]

1.e4 c5 2.Nf3 e6 3.d4 cxd4 4.Nxd4 Nf6 5.Nc3 d6 6.f4 Nc6 7.Be3 e5 8.Nb3 exf4
9.Bxf4 Be6 10.Qd2 a5 11.O-O-O a4 12.Nd4 Bd7 13.Ndb5 Bg4 14.Be2 Qb6 15.Bxg4
{#r} 1-0

[Event "It"]
[Site "masterchessopen.com Augustow (Poland)"]
[Round "5"]
[White "Borkowski Franciszek (POL)"]
[Black "Pedzich Dominik (POL)"]
[Result "1-0"]
[WhiteElo "2325"]
[BlackElo "2418"]

1.e4 c5 2.Nf3 e6 3.d4 cxd4 4.Nxd4 Nf6 5.Nc3 d6 6.f4 Be7 7.Qf3 O-O 8.Be3 e5
9.Nb3 exf4 10.Bxf4 Nc6 11.Be2 Be6 12.O-O-O Ng4 13.Nd5 Bxd5 14.Rxd5 Nce5 15.Qf1
Nf6 16.Rd1 Qb6 17.Bf3 Rac8 18.Qe2 Rfe8 19.Bxe5 dxe5 20.g4 Rc7 21.g5 Nd7 22.h4
Nc5 23.Nxc5 Bxc5 24.Rd3 a5 25.Bg4 a4 {#r} 1-0

[Event "Regionalliga NordS"]
[Site "masterchessopen.com Germany"]
[Round "0"]
[White "Schoeneich Matthias (GER)"]
[Black "Lunkmoos Gerhard (GER)"]
[Result "1-0"]
[WhiteElo "2256"]
[BlackElo "2117"]

1.e4 c5 2.Nf3 d6 3.d4 cxd4 4.Nxd4 Nf6 5.Nc3 e6 6.f4 Nc6 7.Nb3 Be7 8.Be3 a6
9.Qf3 Qc7 10.Be2 Rb8 11.O-O O-O 12.g4 b5 13.g5 Nd7 14.Qg3 b4 15.Nd1 d5 16.e5
Nb6 17.Rf3 Nc4 18.Nf2 Nxe3 19.Rxe3 Kh8 20.Qh4 Bb7 21.Rh3 h6 22.Ng4 Nxe5
23.fxe5 {#r} 1-0

[Event "Ch Netherlands"]
[Site "masterchessopen.com Hilversum (Netherlands)"]
[Round "6"]
[White "Nijboer Friso (NED)"]
[Black "Brenninkmeijer Joris (NED)"]
[Result "1-0"]
[WhiteElo "2475"]
[BlackElo "2445"]

1.e4 c5 2.Nf3 d6 3.d4 cxd4 4.Nxd4 Nf6 5.Nc3 e6 6.f4 a6 7.a4 Nc6 8.Nf3 Be7
9.Bd3 O-O 10.O-O Nb4 11.Qe1 Nxd3 12.cxd3 Bd7 13.Qg3 Ne8 14.Be3 b5 15.f5 bxa4
16.Ng5 e5 17.Rf3 Nf6 18.Qh3 h6 19.Rg3 hxg5 20.Rxg5 g6 21.Qh6 Nh7 22.Rg3 {#r}
1-0

[Event "It (open) \"]
[Site "masterchessopen.com Kecskemet (Hungary)"]
[Round "13"]
[White "Bielczyk Jacek (POL)"]
[Black "Donko Matyas (HUN)"]
[Result "1-0"]
[WhiteElo "2301"]
[BlackElo "2073"]

1.e4 c5 2.Nf3 e6 3.Nc3 d6 4.d4 cxd4 5.Nxd4 Nf6 6.f4 a6 7.a4 Nc6 8.Be3 e5 9.Nf3
exf4 10.Bxf4 Be7 11.Bd3 O-O 12.Qd2 Ng4 13.O-O Be6 14.Kh1 Bf6 15.Rae1 Rc8
16.Nd5 Bxd5 17.exd5 Nce5 18.Bf5 Rc4 19.Bxh7+ Kh8 20.Bf5 Rxa4 21.b3 Ra2 22.Ng5
Qa5 23.b4 Qa3 24.Bxe5 Bxe5 25.Bxg4 Bc3 26.Qd3 {#r} 1-0

[Event "It (open)"]
[Site "masterchessopen.com Ostend (Belgium)"]
[Round "0"]
[White "Reeh Oliver (GER)"]
[Black "Ree Hans (NED)"]
[Result "1-0"]
[WhiteElo "2453"]
[BlackElo "2460"]

1.e4 c5 2.Nf3 e6 3.d4 cxd4 4.Nxd4 Nf6 5.Nc3 d6 6.f4 a6 7.Nf3 Be7 8.Bd3 O-O
9.O-O Nc6 10.Kh1 b5 11.e5 dxe5 12.fxe5 Nd7 13.Qe1 Qc7 14.Bg5 Re8 15.Bxe7 Rxe7
16.Qh4 Nf8 17.Rae1 h6 18.Ne4 Ng6 19.Qh5 Rd7 20.Nf6+ gxf6 21.exf6 Qf4 22.Bxg6
Bb7 23.Ne5 {#r} 1-0

[Event "It (open)"]
[Site "masterchessopen.com Warsaw (Poland)"]
[Round "0"]
[White "Rakowiecki Tomasz (POL)"]
[Black "Wiesniak Tadeusz (POL)"]
[Result "1-0"]
[WhiteElo "2334"]
[BlackElo "2250"]

1.e4 c5 2.Nf3 e6 3.d4 cxd4 4.Nxd4 Nf6 5.Nc3 d6 6.f4 a6 7.Qf3 Qc7 8.Bd3 b6
9.Be3 Bb7 10.g4 h6 11.O-O-O Nbd7 12.Rhf1 O-O-O 13.g5 hxg5 14.fxg5 Ne5 15.Qe2
Nfg4 16.Bg1 Nxd3+ 17.cxd3 Ne5 18.Kb1 Kb8 19.Rc1 Qd7 20.Nf3 b5 21.Nxe5 dxe5
22.Qf2 Qxd3+ 23.Ka1 Rd4 24.Qxf7 Bd6 25.Qxe6 Qc4 26.Nd5 {#r} 1-0

[Event "It (open) \"]
[Site "masterchessopen.com Budapest (Hungary)"]
[Round "0"]
[White "Feher Gyula (HUN)"]
[Black "Walker Mark (ENG)"]
[Result "1-0"]
[WhiteElo "2334"]
[BlackElo "2205"]

1.e4 c5 2.Nf3 e6 3.Nc3 d6 4.d4 cxd4 5.Nxd4 Nf6 6.f4 Be7 7.Bb5+ Bd7 8.e5 Nd5
9.Nxd5 exd5 10.e6 fxe6 11.Nxe6 Bh4+ 12.g3 Qe7 13.Qe2 Bxb5 14.Qxb5+ Nd7 15.f5
g6 16.O-O {#r} 1-0